Microeconomía y conducta
में बचाया:
| मुख्य लेखक: | |
|---|---|
| स्वरूप: | पुस्तक |
| भाषा: | स्पेनिश |
| प्रकाशित: |
Madrid, España
McGraw-Hill
2005
|
| संस्करण: | Quinta edición |
| विषय: | |
| ऑनलाइन पहुंच: | Disponible Online |
| टैग: |
टैग जोड़ें
कोई टैग नहीं, इस रिकॉर्ड को टैग करने वाले पहले व्यक्ति बनें!
|
MARC
| LEADER | 00000cam a2200000 a 4500 | ||
|---|---|---|---|
| 001 | UCI3016 | ||
| 003 | CL-VaPUC | ||
| 005 | 20210312001550.0 | ||
| 008 | 071005e20050000SP |||||||||||||||||spa|d | ||
| 999 | |c 327413 |d 327411 | ||
| 020 | |a 8448198484 | ||
| 040 | |c Pontificia Universidad Católica de Valparaíso | ||
| 082 | 0 | 4 | |a 338.5 FRA 2005 |2 21 |
| 100 | 0 | |a Frank, Robert H |e author |9 524304 | |
| 245 | 1 | 0 | |a Microeconomía y conducta |
| 250 | |a Quinta edición | ||
| 260 | |a Madrid, España |b McGraw-Hill |c 2005 | ||
| 300 | |a 649 páginas | ||
| 583 | |a last modification |c 20120327 12:13:12 |k Rodrigo Vera | ||
| 650 | 0 | |a Microeconomía |9 258126 | |
| 650 | 0 | |a Toma de decisiones |9 257530 | |
| 650 | 0 | |a Oferta y demanda |9 255571 | |
| 650 | 0 | |a Consumidores |9 315658 | |
| 852 | |a BIBCUR | ||
| 856 | |u http://bibliografiadigital.pucv.cl.pucv.idm.oclc.org/index.php/bibliotecapucv/catalog/book/150 |y Disponible Online | ||
| 942 | |c BK |2 ddc | ||
| 945 | |d 20071005 00:00:00 |a cmena | ||
| 952 | |0 0 |1 0 |2 ddc |4 0 |6 338_500000000000000_FRA_2005 |7 0 |8 A |9 410232 |a BIBING |b BIBING |c RES |d 2019-11-22 |i 4376986 |o 338.5 FRA 2005 |p 4376986 |r 2025-01-20 |w 2019-11-22 |y BK |k EII | ||
| 952 | |0 0 |1 0 |2 ddc |4 0 |6 338_500000000000000_FRA_2005 |7 0 |8 A |9 410233 |a BIBING |b BIBING |c RES |d 2019-11-22 |i 4376994 |l 1 |o 338.5 FRA 2005 |p 4376994 |r 2025-01-20 |s 2022-07-11 |w 2019-11-22 |y BK |k EII | ||
| 952 | |0 0 |1 0 |2 ddc |4 0 |6 338_500000000000000_FRA_2005 |7 0 |8 A |9 410234 |a BIBING |b BIBING |c RES |d 2019-11-22 |i 4377001 |l 5 |m 2 |o 338.5 FRA 2005 |p 4377001 |r 2025-01-20 |s 2024-05-23 |w 2019-11-22 |y BK |k EII | ||
| 952 | |0 0 |1 0 |2 ddc |4 0 |6 338_500000000000000_FRA_2005 |7 0 |8 A |9 410235 |a BIBING |b BIBING |d 2019-11-22 |i 4851374 |l 3 |m 1 |o 338.5 FRA 2005 |p 4851374 |r 2025-01-20 |s 2023-12-22 |w 2019-11-22 |y BK |k EII | ||
| 952 | |0 0 |1 0 |3 erb |4 0 |6 338_500000000000000_FRA_2005 |7 0 |8 R |9 410236 |a BIBGIM |b BIBGIM |i 5118131 |l 8 |m 1 |o 338.5 FRA 2005 |p 5118131 |r 2025-01-15 |s 2023-06-27 |w 2019-11-22 |y BK_R |z Catalogado en:20141009 |k SSL | ||